00890 a2200205 450000500170000001000140001702000230003103500130005403700180006708200130008510000450009824501380014324600410028126000590032227000780038130000520045952001010051165000190061270000530063120080905115917.0 aHIN-80010 a8185829063c100.00 aHN-52356 bD.B.Act / pub a363.7392 aमिश्र,शिवगोपाल aवायु प्रदूषणcशिवगोपाल मिश्र तथा सुनीलदत्त तिवारी aVayu Pradushanbby Sheo Gopal Mishra aदिल्लीbज्ञान गंगाc2006 a205-सी चावड़ी बाजारbदिल्लीe110006 a112पृc22 सेमी (सजिल्द) aDue to global warming ozon layer damaged,changes in the earth has been highlighted in this book aPollution, Air aतिवारी, सुनील दत्त